000 00898cam a22003015i 4500
001 127933
005 20230410132604.0
008 150814s2014 uk 000 0 eng
035 _a18743710
010 _a 2015297306
020 _a9781107615496 (pbk)
040 _aDLC
_beng
_erda
_cDLC
041 _aEng
042 _apcc
050 1 4 _aPR 2823
_bS527m 2014
082 0 0 _a822.33
100 1 _aShakespeare, William,
_d1564-1616.
245 1 0 _aMacbeth /
_cWilliam Shakespeare; edited by Linzy Brady and David James
250 _a3rd edition
260 _aCambridge, UK :
_bCambridge University Press ,
_c2014
300 _a188 p. ;
_c24 cm.
490 0 _aCambridge School Shakespeare
650 0 _aEnglish drama (Comedy)
600 0 0 _aMacbeth,
_cKing of Scotland,
_d11th cent.
_vDrama.
600 1 0 _aShakespeare, William,
_d1564-1616.
_tMacbeth.
942 _2lcc
_cbk
946 _advf
999 _c84213
_d84213